Hỏi đáp về bảo vệ môi trường

Đã lưu trong:
Sonraí Bibleagrafaíochta
Údar Corparáideach: Sở khoa học, công nghệ & môi trường Tỉnh Đồng Nai
Údair Eile: Trần Toản (chủ biên), Hồ Văn Lưu Trần Văn Chữ Trương Ngọc Quang Nguyễn Thành Chín Phạm Văn Hết
Formáid: Leabhar
Teanga:Vietnamese
Foilsithe: Đồng Nai Nxb. Tổng hợp Đồng Nai 1999
Clibeanna: Cuir Clib Leis
Gan Chlibeanna, Bí ar an gcéad duine leis an taifead seo a chlibeáil!
Thư viện lưu trữ: Mạng thư viện Đại học Đà Nẵng
LEADER 00877nam a22002898a 4500
001 000015078
003 11449
005 20120522080534.0
008 120522s1999 b 000 0 vieod
020 |c 17000  |d 10000b 
041 0 |a vie 
082 |a 363.7  |b Hoi 
084 |a U 
110 |a Sở khoa học, công nghệ & môi trường Tỉnh Đồng Nai 
245 1 0 |a Hỏi đáp về bảo vệ môi trường 
260 |a Đồng Nai  |b Nxb. Tổng hợp Đồng Nai  |c 1999 
300 |a 166 tr.  |c 19cm 
700 |a Trần Toản  |e chủ biên 
700 |a Hồ Văn Lưu  |a Trần Văn Chữ  |a Trương Ngọc Quang  |a Nguyễn Thành Chín  |a Phạm Văn Hết 
OWN |a LSP 
999 |a From the UDN01 
TYP |a Monograph 
TYP |a Printed language 
980 |a Mạng thư viện Đại học Đà Nẵng